Syngress force emerging threat analysis : from mischief to malicious /

A One-Stop Reference Containing the Most Read Topics in the Syngress Security Library This Syngress Anthology Helps You Protect Your Enterprise from Tomorrows Threats Today This is the perfect reference for any IT professional responsible for protecting their enterprise from the next generation of I...

Full description

Bibliographic Details
Corporate Author: ScienceDirect (Online service)
Other Authors: Maynor, David
Format: eBook
Language:English
Published: Rockland, MA : Syngress Pub., [2006]
Subjects:
Online Access:Connect to the full text of this electronic book

MARC

Tag First Indicator Second Indicator Subfields
LEADER 00000cam a2200000Ia 4500
001 in00002425261
005 20190327171531.0
006 m d
007 cr cn|
008 070802s2006 maua o 001 0 eng d
020 |a 9781597490566 
020 |a 1597490563 
029 1 |a NZ1  |b 11778285 
035 |a (OCoLC)ocn162131403 
035 |a (OCoLC)162131403 
037 |a 132624:132744  |b Elsevier Science & Technology  |n http://www.sciencedirect.com 
040 |a OPELS  |c OPELS  |d OPELS  |d OCLCQ  |d UtOrBLW 
049 |a TXAM 
050 1 4 |a QA76.9.A25  |b S975 2006eb 
082 0 4 |a 005.8  |2 22 
245 0 0 |a Syngress force emerging threat analysis :  |b from mischief to malicious /  |c David Maynor [and others]. 
246 3 0 |a Emerging threat analysis 
246 1 4 |a Syngress force 2006 emerging threat analysis : from mischief to malicious 
264 1 |a Rockland, MA :  |b Syngress Pub.,  |c [2006] 
264 4 |c ©2006 
300 |a 1 online resource. 
336 |a text  |b txt  |2 rdacontent 
337 |a computer  |b c  |2 rdamedia 
338 |a online resource  |b cr  |2 rdacarrier 
520 |a A One-Stop Reference Containing the Most Read Topics in the Syngress Security Library This Syngress Anthology Helps You Protect Your Enterprise from Tomorrows Threats Today This is the perfect reference for any IT professional responsible for protecting their enterprise from the next generation of IT security threats. This anthology represents the best of this years top Syngress Security books on the Human, Malware, VoIP, Device Driver, RFID, Phishing, and Spam threats likely to be unleashed in the near future. * From Practical VoIP Security, Thomas Porter, Ph. D. and Director of IT Security for the FIFA 2006 World Cup, writes on threats to VoIP communications systems and makes recommendations on VoIP security. * From Phishing Exposed, Lance James, Chief Technology Officer of Secure Science Corporation, presents the latest information on phishing and spam. * From Combating Spyware in the Enterprise, Brian Baskin, instructor for the annual Department of Defense Cyber Crime Conference, writes on forensic detection and removal of spyware. * Also from Combating Spyware in the Enterprise, About.coms security expert Tony Bradley covers the transformation of spyware. * From Inside the SPAM Cartel, Spammer-X shows how spam is created and why it works so well. * From Securing IM and P2P Applications for the Enterprise, Paul Piccard, former manager of Internet Security Systems' Global Threat Operations Center, covers Skype security. * Also from Securing IM and P2P Applications for the Enterprise, Craig Edwards, creator of the IRC security software IRC Defender, discusses global IRC security. * From RFID Security, Brad Renderman Haines, one of the most visible members of the wardriving community, covers tag encoding and tag application attacks. * Also from RFID Security, Frank Thornton, owner of Blackthorn Systems and an expert in wireless networks, discusses management of RFID security. * From Hack the Stack, security expert Michael Gregg covers attacking the people layer. * Bonus coverage includes exclusive material on device driver attacks by Dave Maynor, Senior Researcher at SecureWorks. * The best of this year: Human, Malware, VoIP, Device Driver, RFID, Phishing, and Spam threats * Complete Coverage of forensic detection and removal of spyware, the transformation of spyware, global IRC security, and more * Covers secure enterprise-wide deployment of hottest technologies including Voice Over IP, Pocket PCs, smart phones, and more. 
505 0 |a Chapter 1: Analysis of Future Threat Levels Chapter 2: Pocket PCs and Smart Phones Chapter 3: Bots and Bot Networks Chapter 4: Malware Attacks Chapter 5: VoIP and SPIT Chapter 6: Compromising Security Software Chapter 7: Attacking and Defending Embedded Devices Chapter 8: DMA Attacks Chapter 9: Second-Tier and Seeded Landscape Attacks Chapter 10: How Vulnerable are SCADA Systems? 
500 |a Includes index. 
500 |a Electronic resource. 
650 0 |a Computer security. 
650 0 |a Computer networks  |x Security measures. 
650 0 |a Computer crimes  |x Prevention. 
655 7 |a Electronic books.  |2 local 
700 1 |a Maynor, David. 
710 2 |a ScienceDirect (Online service) 
776 1 |c Original  |z 1597490563  |z 9781597490566  |w (OCoLC)76941056 
856 4 0 |u http://proxy.library.tamu.edu/login?url=http://www.sciencedirect.com/science/book/9781597490566  |z Connect to the full text of this electronic book  |t 0 
994 |a 92  |b TXA 
999 |a MARS 
999 f f |s 7013b460-c336-3c50-9ccf-566c424594e3  |i 76326e09-b349-3925-8506-8d74afe4060f  |t 0 
952 f f |a Texas A&M University  |b College Station  |c Electronic Resources  |d Available Online  |t 0  |e QA76.9.A25 S975 2006eb  |h Library of Congress classification 
998 f f |a QA76.9.A25 S975 2006eb  |t 0  |l Available Online